[Event "Moscow Aeroflot op"]
[Site "Moscow"]
[Date "2002.02.05"]
[Round "2"]
[White "Dolmatov, Sergey"]
[Black "Bagirov, Rufat"]
[Result "1-0"]
[WhiteElo "2588"]
[BlackElo "2471"]
[Annotator "Finkel,A"]
[PlyCount "61"]
[EventDate "2002.02.04"]
[EventType "swiss"]
[EventRounds "9"]
[EventCountry "RUS"]
[SourceTitle "CBM 088"]
[Source "ChessBase"]
[SourceDate "2002.03.21"]
[SourceVersion "1"]
[SourceVersionDate "2002.03.21"]
[SourceQuality "1"]

1. e4 e6 2. d4 d5 3. Nc3 Nf6 4. Bg5 Be7 5. e5 Nfd7 6. Bxe7 Qxe7 7. f4 O-O 8.
Nf3 c5 9. Qd2 Nc6 10. g3 $5 {Very solid variation.} a6 (10... f5 11. exf6 Nxf6
12. O-O-O Bd7 13. Bg2 b5 14. dxc5 b4 15. Ne2 Ne4 16. Qe3 $14 {Donoso Velasco,
P-Lofiego/Buenos Aires 1978/EXT 2000}) 11. Bg2 b5 (11... Nb6 12. b3 cxd4 13.
Ne2 (13. Nxd4 Qc5 14. Nce2 Bd7 15. O-O Rfc8 16. Kh1 Nxd4 17. Nxd4 Rc7 $13 {
Steiner,L-Lilienthal,A/Budapest 1933/EXT 2001}) 13... Bd7 14. Nexd4 Rac8 (14...
Qc5 15. O-O Nc8 16. Kh1 N8e7 17. Nxc6 Bxc6 18. Nd4 $14 {Steiner,L-Yanofsky,D/
Karlovy Vary 1948/MCD}) 15. c3 Nxd4 16. Nxd4 Qc5 17. Rc1 Rc7 18. O-O Nc8 19. c4
$14 {Steiner,E-Lilienthal,A/Ujpest 1934/HCL}) 12. Ne2 (12. O-O cxd4 13. Nxd4
Nxd4 14. Qxd4 Qc5 15. Qxc5 Nxc5 16. Ne2 Bd7 17. Nd4 Rac8 18. Kf2 $14 {Tarrasch,
S-Teichmann,R/San Sebastian 1912/HCL}) 12... a5 13. O-O Nb6 14. b3 b4 15. dxc5
Qxc5+ 16. Ned4 (16. Nfd4 Ba6 17. Rfe1 Nc8 18. Kh1 Nxd4 19. Nxd4 Ne7 $13 {
Moskowitz,J-Yanofsky,D/Ventnor City 1942/HCL}) 16... Ba6 $6 {[%csl Rf5] Even
though this move wins a tempo somehow I have a feeling it is wrong! White's
only idea in the following position is to push f5, so bishop has to be on
diagonal c8-h3 to prevent it.} (16... Bd7 17. Rf2 Nxd4 18. Nxd4 Nc8 19. Rc1 Ne7
20. c4 bxc3 21. Qxc3 $14 {Ernst,W-Schmid,L/Essen 1948/EXT 2000}) 17. Rf2 Nxd4 (
17... Rfc8 18. f5 exf5 19. Nxf5 h6 20. Re1 $14) 18. Nxd4 Kh8 19. Re1 Rfe8 20.
f5 $1 $36 {White is ready for the breakthrough!} exf5 21. Nxf5 Re6 (21... Ra7
$5 22. Qg5 $140 $6 f6 $1) 22. Nd4 Re7 23. Nf5 Re6 24. Qd4 Qxd4 {All black's
moves are very natural nevertheless he finds himself in the lost position
extremly soon! Kind of strange, don't you think!?} (24... Rc8 25. Qxc5 Rxc5 26.
Nd6 f6 27. Bf1 Bxf1 28. Kxf1 Nd7 29. exf6 Rxe1+ 30. Kxe1 Nxf6 $14) 25. Nxd4 Re7
26. e6 $2 fxe6 (26... Rae8 27. Bf1 $1 Bxf1 28. exf7 $1 $18 {[%cal Gf7f8]}) 27.
Rxe6 Rxe6 28. Nxe6 Re8 29. Rf7 a4 $6 (29... Bc8 30. Nxg7 Re1+ 31. Kf2 Rc1 32.
Rc7 $16) 30. Ra7 $6 (30. bxa4 $1 h6 31. Nc7 Re1+ 32. Kf2 Re2+ 33. Kf3 Bc4 34.
a5 $18) 30... axb3 31. axb3 {Black could keep on fighting but it seems that
white's advantage should be enough for victory in any case:} (31. axb3 Rxe6 32.
Rxa6 d4 (32... g6 33. Bxd5 Rd6 34. Be4 $18) 33. Ra5 g6 34. Rb5 $18) 1-0

[Event "Altensteig-A"]
[Site "Altensteig"]
[Date "1993.??.??"]
[Round "7"]
[White "Almasi, Zoltan"]
[Black "Zueger, Beat"]
[Result "1-0"]
[WhiteElo "2580"]
[BlackElo "2395"]
[Annotator "Ftacnik,L"]
[PlyCount "83"]
[EventDate "1993.07.07"]
[EventType "tourn"]
[EventRounds "11"]
[EventCountry "GER"]
[EventCategory "12"]
[SourceTitle "CBM 037"]
[Source "ChessBase"]
[SourceDate "1993.12.01"]
[SourceVersion "1"]
[SourceVersionDate "1993.12.01"]
[SourceQuality "1"]

1. e4 e6 2. d4 d5 3. Nc3 Nf6 4. Bg5 Be7 5. e5 Nfd7 6. Bxe7 Qxe7 7. f4 O-O 8.
Nf3 c5 9. Qd2 Nc6 10. dxc5 Qxc5 11. O-O-O Nb6 12. h4 $5 {/\ h5-h6} Bd7 13. h5
Rfc8 14. h6 g6 15. Nh2 $5 Na5 $2 (15... Nb4 $5 16. a3 d4 17. axb4 (17. Qxd4
Na2+ 18. Kb1 Nxc3+) 17... dxc3 18. bxc5 cxd2+ 19. Rxd2 Rxc5 20. Ng4 Bc6 $13)
16. Qd4 Qe7 17. Ng4 Rc7 $2 (17... Nc6) 18. Nf6+ Kh8 19. Nfxd5 $1 Nxd5 20. Nxd5
exd5 21. e6+ f6 22. exd7 Rxd7 23. Bb5 $16 Nc6 24. Bxc6 bxc6 25. Rhe1 Qd6 26. c4
$1 Rc8 27. g4 Kg8 28. f5 Qf8 29. Qe3 Qf7 30. Qc3 Qf8 31. Kb1 Re8 $6 (31... Rcd8
32. Re6 Rd6 33. Rde1 $16) 32. cxd5 cxd5 33. Rxe8 Qxe8 34. Qxf6 d4 (34... Qe4+
35. Ka1 Qxg4 36. Re1 $18) 35. Qe6+ Qxe6 36. fxe6 Rd5 37. Re1 Kf8 38. Rf1+ Ke7
39. Rf7+ Kxe6 40. Rxh7 Rg5 (40... d3 41. Kc1 $18) 41. Re7+ $1 Kxe7 42. h7 1-0

[Event "Ankara zt"]
[Site "Ankara"]
[Date "1995.??.??"]
[Round "3"]
[White "Mirumian, Vigen"]
[Black "Supatashvili, Khvicha"]
[Result "1-0"]
[WhiteElo "2305"]
[BlackElo "2450"]
[Annotator "Gagarin,V"]
[PlyCount "51"]
[EventDate "1995.??.??"]
[EventType "swiss"]
[EventRounds "9"]
[EventCountry "TUR"]
[SourceTitle "CBM 049 Extra"]
[Source "ChessBase"]
[SourceDate "1996.01.01"]
[SourceVersion "1"]
[SourceVersionDate "1996.01.01"]
[SourceQuality "1"]

1. e4 e6 2. d4 d5 3. Nc3 Nf6 4. Bg5 Be7 5. e5 Nfd7 6. h4 a6 7. Qg4 Bxg5 8. hxg5
c5 $1 9. Nf3 (9. g6 f5 $1 10. Qf4 (10. exf6 Nxf6 11. Rxh7 Rf8 $1 $17) (10. Qg3
h6 11. O-O-O cxd4 12. Nce2 Nc6 13. Nf3 Nc5 14. Nfxd4 Bd7 $13 {Kljavin,J-Osnos,
V/URS/1959/} 15. Qe3 (15. Nf4 O-O 16. Qe3 Rc8 $13) 15... Qe7 16. Nf4 O-O 17. c4
$1 $13) 10... h6 11. dxc5 (11. Nf3 O-O 12. O-O-O Nc6 13. dxc5 {Lutikov,
A-Bastrikov,G/URS/1959/} Nxc5 14. Bc4 Qe8 15. Rxd5 $1 Ne4 $1 $44) 11... O-O 12.
O-O-O $1 (12. Nf3 $6 Nxc5 13. O-O-O Ne4 $1) 12... Nc6 (12... Nxc5 $6 13. Bc4 $1
Qe8 14. Rxd5 $1 $16 {Nisipeanu,L.F lorean,A/ROM/1995/1:0/19/ Inf 62/324/}) 13.
Nxd5 $5 (13. Nf3 {-11.Nf3/}) 13... exd5 14. Rxd5 Ncxe5 $8 15. Rd6 $1 Qe7 16.
Nf3 $44 {Stoica/}) (9. dxc5 $5 Nxe5 10. Qg3 Nbc6 11. O-O-O $36) 9... cxd4 $5 (
9... Nc6 10. g6 f5 11. Qg3 h6 12. Ng5 $1 Nxd4 (12... Qe7 13. Nf7 Rf8 14. Ne2 $1
cxd4 15. O-O-O $16 {Landa,K-Gleizerov,E/Bled/1990/0,5/48/}) 13. Nf7 Qa5 14.
O-O-O $1 Rg8 15. Kb1 $44 b5 16. Qh4 b4 17. Rxd4 $5 cxd4 18. Nxd5 $3 $40 {
Passos-Dutra Neto/corr/1993/}) 10. Qxd4 Nc6 11. Qf4 Qb6 $1 (11... Qc7 $6 12.
O-O-O Ndxe5 13. Nxe5 Qxe5 14. Qxe5 Nxe5 15. Re1 $16 {Landa/}) (11... d4 $6 12.
Nxd4 Nxd4 13. Qxd4 Qxg5 14. f4 Qg3+ 15. Kd2 $5 f6 16. Re1 fxe5 17. fxe5 O-O 18.
Bd3 Qf2+ 19. Qxf2 Rxf2+ 20. Ke3 $16 {Hector,J-Upmark,J/Stockholm/1994/1:0/29/})
12. O-O-O (12. Rb1 $6 d4 13. Ne4 Ndxe5 $1 (13... Ncxe5 $2 14. Nxd4 $1) 14. Nd6+
(14. Nxe5 Qa5+ $17) 14... Ke7 15. Nxe5 Qa5+ 16. Kd1 Qxe5 $17) 12... Qxf2 13.
Rd2 (13. g3 Nf8 14. Bd3 Ng6 15. Bxg6 fxg6 16. Rhf1 Qc5 $15) 13... Qc5 14. g6 $5
fxg6 15. Bd3 Rf8 $2 {>< h7/} (15... Nf8 $1 16. Ng5 Qe7 17. Rf2 h6 18. Nf7 g5
19. Nd6+ $44) 16. Qg3 $36 Qe3 17. Rxh7 Ndxe5 $2 (17... g5 $1 18. Bg6+ (18. Kd1
Qf4 19. Bg6+ Kd8 20. Qxg5+ Qxg5 21. Nxg5 Ndxe5 $13) 18... Kd8 19. Rxg7 Ndxe5
20. Ne4 Bd7 21. Qxg5+ Qxg5 22. Nexg5 Nxg6 23. Rxg6 $36) 18. Bxg6+ $18 {->/} Kd8
19. Be4 $1 Bd7 $2 (19... Qf4 $142 20. Qxf4 Rxf4 21. Bxd5 $1 Kc7 (21... exd5 22.
Nxd5 $18) 22. Rxg7+ Kb8 23. Nxe5 Rf1+ 24. Rd1 Rxd1+ 25. Kxd1 Nxe5 26. Be4 $18)
20. Bxd5 $1 exd5 21. Nxd5 Qc5 $6 (21... Nd3+ $5 22. cxd3 Qc5+ 23. Nc3 Nb4 24.
Kd1 Kc8 25. Qxg7 $18) 22. Qxg7 Kc8 23. Nb6+ Kb8 24. Nxd7+ Nxd7 25. Rxd7 Qe3+
26. Rd2 1-0

[Event "RUS-Cup6"]
[Site "Krasnodar"]
[Date "1997.??.??"]
[Round "4"]
[White "Bologan, Viktor"]
[Black "Volkov, Sergey"]
[Result "1-0"]
[WhiteElo "2575"]
[BlackElo "2480"]
[Annotator "Gershon,A"]
[PlyCount "127"]
[EventDate "1997.03.11"]
[EventType "swiss"]
[EventRounds "9"]
[EventCountry "RUS"]
[SourceTitle "EXT 2000"]
[Source "ChessBase"]
[SourceDate "1999.11.16"]
[SourceVersion "1"]
[SourceVersionDate "1999.11.16"]
[SourceQuality "1"]

1. e4 {Hecht} e6 2. d4 d5 3. Nc3 Nf6 4. Bg5 Be7 5. e5 Nfd7 6. Bxe7 Qxe7 7. f4
O-O 8. Nf3 c5 9. Qd2 Nc6 10. O-O-O f6 (10... c4 $5 11. f5 (11. g4 Rb8 12. f5 b5
13. Kb1 b4 14. Ne2 c3 15. Qg5 Qxg5 16. Nxg5 Nb6 17. fxe6 Bxe6 18. Bh3 cxb2 19.
Nxe6 fxe6 20. g5 Nd8 21. Rhf1 Na4 22. Rxf8+ Kxf8 23. Rf1+ Ke7 24. g6 hxg6 25.
Nf4 g5 26. Ng6+ Kd7 27. Nf8+ Ke7 28. Ng6+ Kd7 29. Nf8+ Ke7 {1/2-1/2 Almasi,
I-Somlai,L/Zalakaros op 1992}) (11. Nb5 Rb8 12. g4 Nb6 13. Nd6 Bd7 14. c3 Nc8
15. Nxc8 Rfxc8 16. Qc2 f6 17. h4 b5 18. Kb1 b4 19. cxb4 c3 $1 $40 {0-1
Gallagher,J-Crouch,C/Krumbach op 1991 (30)}) 11... f6 12. fxe6 Qxe6 13. Bxc4
dxc4 14. d5 Qf5 15. dxc6 Nxe5 16. Nxe5 Qxe5 17. Rhe1 Qc5 18. Qd5+ Qxd5 19. Rxd5
bxc6 20. Rc5 Bd7 21. Rxc4 $14 {1/2-1/2 Knezevic,B-Stamenkovic,Z/JUG-ch Kladovo
1992 (33)}) (10... cxd4 11. Nxd4 Nb6 12. Kb1 (12. Qe3 $5 Qc5 13. h4 Bd7 14. Rh3
Rac8 15. Rg3 Nxd4 16. Rxd4 Qe7 17. h5 f5 18. exf6 Qxf6 19. Rg5 Bc6 20. Bd3 Rce8
21. Ne2 Nd7 22. Qg3 e5 23. fxe5 Rxe5 24. Rxg7+ Qxg7 25. Rg4 $16 {Short,N-Gulko,
B/Hastings A1 1988/1-0 (54)}) 12... Bd7 13. Nf3 Rfd8 14. g4 Na5 15. Qd3 Nac4
16. Nd2 Rac8 17. Nxc4 Nxc4 18. Qd4 Qb4 19. Bxc4 Rxc4 20. a3 Rxd4 21. axb4 Rxf4
$19 {Rehl,W-Boinowitz,T/OLNW 1992/0-1 (62)}) 11. exf6 Qxf6 (11... Nxf6 12. dxc5
Qxc5 13. Bd3 Rb8 14. Qe2 Bd7 15. Rhf1 b5 16. Ne5 Nd4 17. Qf2 b4 18. Nxd7 Nxd7
19. Na4 Qa5 20. Qxd4 Qxa4 21. Kb1 $16 {[%csl Ge6] Giaccio,A-Minero,S/WchJ-U20
Santiago 1990/1-0 (67)}) 12. g3 cxd4 (12... Rd8 13. dxc5 Nxc5 14. Bd3 Bd7 15.
Rhe1 Rac8 16. Kb1 a6 17. Qf2 Nxd3 18. Rxd3 Rc7 19. Ne5 Nxe5 20. Rxe5 Rdc8 21.
Qe3 g6 22. g4 Rf8 23. f5 Qh4 24. a3 Qxh2 25. fxe6 Bb5 26. Rd2 Rf1+ 27. Ka2 Bc4+
28. b3 Qh1 29. Kb2 $142 (29. bxc4 Ra1+ 30. Kb3 Qc1 31. Na2 Qb1+ 32. Ka4 Rxc4+
33. Nb4 Qxb4# {0-1 Brod,M-Vigh,B/Hartberg op 1991}) 29... Ra1 30. Rd4 $18) 13.
Nxd4 Nxd4 (13... Nc5 14. Qe3 Bd7 15. Bg2 Nxd4 16. Qxd4 Rac8 17. Rhe1 Be8 18.
Re5 Nd7 19. Rxe6 Qxd4 20. Rxd4 $18 {1-0 Vavruska,D-Sykora,R/Karvina op 1989 
(26)}) 14. Qxd4 Qxd4 (14... a6 15. Bg2 Qxd4 16. Rxd4 Rb8 17. Re1 Nf6 18. Rd2 g6
19. Ne2 b5 20. Nd4 Rb6 21. Bf3 Ne8 22. Re5 Ng7 23. Bg4 Nf5 24. Bxf5 gxf5 $16 {
[%csl Gc8,Gd4] 1-0 Southam,D-Trifunovic,D/Toronto op 1995 (40)}) 15. Rxd4 Nf6
16. Nb1 $6 {White is trying to bring the knight to e5 or d4 (via f3) where he
will create a lot of pressure on black's position.However, black  won't be
waiting to be burried alive - he is trying to open the center.White's last
move makes it easier for black to accomplish his plan, therefore,white
should've probably developed his pieces first:Bg2,Re1 and only then bring the
knight.} (16. Bg2 Bd7 17. Re1 Rae8 18. Nb1 $16 {[%cal Gb1d2,Gd2f3,Gf3e5,Gf3d4]}
) 16... Re8 17. Bg2 e5 {White's not ready to react yet, since his pieces are
poorly coordinated.However, black still has to prove that he is OK because
he's still got a very disturbing weakness on d5.} 18. fxe5 (18. Bxd5+ Nxd5 19.
Rxd5 exf4 20. gxf4 Be6 21. Ra5 (21. Rb5 Bc4) 21... b6 22. Ra3 Rf8 23. Re1 (23.
Ra4 b5 24. Ra6 Bc8 25. Ra5 Rxf4 26. Rxb5 Rf2 $44 {[%csl Gc2,Gh2][%cal Gf2a2,
Gf2h2]}) 23... Rxf4 24. Rxe6 Rf1+ 25. Kd2 Rxb1 26. Re7 (26. Rxb6 $4 Rd8+ $19)
26... Rxb2 27. Raxa7 Rxa7 28. Rxa7 $11) 18... Rxe5 19. Nc3 {White admits that
he was wrong!} Be6 20. Rhd1 Rd8 21. b3 Rd7 22. R1d2 Kf8 23. Kb2 Ke7 24. Nb5 $1
{White makes black pawns move in order to create more weaknesses later in the
game.} (24. Ne2 g5 $11 {If the knight gets to f4 black will have a lot of
problems in keeping the d5 pawn on the board.}) 24... a6 25. Nc3 Rh5 {There's
really not much that black can do in this position.} 26. Bf3 Rf5 27. R2d3 Re5
28. Rd2 h6 29. Bg2 Rh5 30. Bh1 {White is playing according to the "rule" :
'Don't hurry up in the endgame'.} Re5 31. Na4 {Starting to exploit the results
of his 23rd move.} Re1 32. Rd1 Rxd1 (32... Re5 33. Nb6 Rd8 34. c4 Re2+ 35. Kc3
Rxh2 36. cxd5 (36. Nxd5+ Kf7 $13) 36... Bg4 37. d6+ Ke6 (37... Rxd6 38. Rxd6
Rxh1 39. Rxh1 Kxd6 40. Re1 $16) 38. Re1+ Re2 39. Rxe2+ Bxe2 40. Bxb7 Rxd6 41.
Rxd6+ Kxd6 42. Nc4+ Bxc4 43. Kxc4 a5 44. Kb5 $16 {The fact that white has a
bishop against a knight in a position when the pawns run as quickly as
possible on both flanks, plus the fact that his pawns are supported by king
will give white a decisive advantage...And by the way, white's still got an
extra pawn!}) 33. Rxd1 Bf7 34. Nb6 Rd8 35. b4 Kd6 {In order to protect the b7
pawn.} 36. a4 Kc7 37. a5 d4 38. Na4 {The mission is accompished! Now the
knight gets to c5 and the game is practically over.} Ng4 (38... Nd7 39. Rxd4
$18) 39. Nc5 Ne3 (39... Nxh2 40. Bxb7 Bc4 (40... Ng4 41. Bxa6 $18) 41. Bxa6
Bxa6 42. Nxa6+ (42. Ne6+ $5 Kc8 43. Nxd8 Kxd8 44. Rxd4+ Kc7 45. c4)) 40. Re1
Bc4 41. c3 (41. Bxb7 $2 Rb8 42. Bxa6 Rxb4+ 43. Kc1 Kd6 44. Bxc4 Rxc4 $13) 41...
Rf8 42. cxd4 Rf2+ 43. Kc1 Rc2+ (43... Re2 44. Rxe2 Bxe2 45. Bxb7) 44. Kb1 Rxh2
45. Rxe3 (45. Bxb7 $4 Ba2+ 46. Ka1 Nc2+ 47. Kxa2 Nxe1+ 48. Kb3 Rh3 $15) 45...
Rxh1+ 46. Kc2 {Hecht: Thema: Freibauern} Kd6 47. Re8 (47. Nxb7+ Kd5 $36) 47...
Rg1 (47... Kd5 48. Rd8+ Kc6 49. Rd7 $16) 48. Ne4+ Kd7 49. Re5 Bg8 50. Kd2 Bh7
51. Nc5+ Kc6 (51... Kd6 52. Nxb7+) 52. Re7 Rg2+ 53. Ke1 Rxg3 54. Rxb7 h5 55.
Rb8 Bd3 $2 (55... h4 $5 56. Nxa6 h3 57. b5+ Kd5 58. Rh8 Be4 (58... h2 59. Rxh7
Rg1+ 60. Kf2 h1=Q 61. Rxh1 Rxh1 62. b6 Kc6 63. Nc5 Rb1 64. b7 Kc7 (64... Rxb7
65. Nxb7 Kxb7 66. d5 $18) 65. a6 $18) 59. Nc5 Kxd4 60. Nxe4 Kxe4 61. b6 Rb3 62.
Kf2 g5 63. Rxh3 Rxh3 64. b7 Rb3 65. a6 Kf4 66. a7 $18) 56. d5+ $1 Kc7 (56...
Kxd5 57. Rd8+ Kc4 58. Rxd3 Rxd3 59. Nxd3 Kxd3 60. b5 $18) 57. Rb6 Bb5 58. d6+
Kc8 59. Rb7 Rg1+ 60. Kf2 Rd1 61. Rb6 {[%csl Ga6]} Rd4 (61... h4 {Hecht} 62.
Nxa6 Bxa6 63. Rxa6 h3 64. Kg3 Rd3+ 65. Kh2 g5 66. Ra8+ Kd7 67. Rg8 $18 {
[%cal Ra5a6]}) 62. Ke3 Rxb4 63. d7+ Kc7 64. Rb7+ (64. Rb7+ Kd8 65. Rb8+ Ke7 66.
d8=Q+) 1-0

[Event "RUS-ch51"]
[Site "St Petersburg"]
[Date "1998.08.04"]
[Round "7"]
[White "Glek, Igor Vladimirovich"]
[Black "Morozevich, Alexander"]
[Result "1/2-1/2"]
[WhiteElo "2580"]
[BlackElo "2625"]
[Annotator "Glek,I"]
[PlyCount "48"]
[EventDate "1998.07.28"]
[EventType "swiss"]
[EventRounds "11"]
[EventCountry "RUS"]
[SourceTitle "CBM 067"]
[Source "ChessBase"]
[SourceDate "1998.11.30"]
[SourceVersion "2"]
[SourceVersionDate "1998.11.01"]
[SourceQuality "1"]

1. e4 {[%mdl 3520] Finkel,A} e6 2. d4 d5 3. Nc3 Nf6 4. Bg5 Be7 5. e5 Nfd7 6.
Bxe7 Qxe7 7. f4 O-O 8. Nf3 c5 9. Qd2 Nc6 10. dxc5 Qxc5 11. O-O-O Nb6 12. Kb1
Bd7 (12... Nc4 {Finkel,A} 13. Bxc4 Qxc4 14. Nd4 Bd7 15. b3 $6 Qc5 16. Nxc6 Bxc6
17. Qd4 b6 $15 {Pasman,M-Kortschnoj,V/Beersheba 1984 (35)}) 13. Bd3 (13. Nb5 {
Finkel,A} Rac8 (13... Na4 14. Nbd4 (14. Nd6 $5 f6 15. Be2 fxe5 16. fxe5 Nxe5
17. Nxe5 Qxd6 18. Nxd7 Qxd7 19. Rhe1 $44 {1-0 Hjartarson,J-Brynell,S/Rilton
Cup96/97 1996 (40)}) 14... Qb6 15. Nb3 a5 16. Bd3 Nxb2 17. Kxb2 a4 18. Bxh7+ $5
Kxh7 19. Ng5+ Kg8 20. Qd3 Rfe8 $13 {Lindberg,B-Ulibin,M/Rilton Cup96/97 1996/
0-1 (57)}) 14. Nd6 Rc7 15. Bb5 f6 16. Bxc6 Qxc6 17. Nd4 Qa4 18. Rhe1 $14 {
Groszpeter,A-Almasi,I/HUN-chT1 1995 (34)}) 13... Na5 (13... Rac8 {Finkel,A} 14.
Bxh7+ $5 (14. Nb5 f6 15. exf6 Rxf6 16. Nbd4 Nxd4 17. Nxd4 Na4 18. Nb3 Qc7 $1
$146 (18... Qb6 19. Rhe1 $16 {Z.Almasi-Sermek, Bükfurdo 1995-Inf.63/248}) 19.
g3 e5 20. fxe5 Qxe5 21. Qc1 $1 (21. c3 Bf5 $13) 21... Rf2 22. Rde1 $14 {
Naiditsch,A-Blauert,J/Budapest FS02 GM 1998 (53)}) 14... Kxh7 15. Ng5+ Kg8 16.
Qd3 Rfe8 17. Qh7+ Kf8 18. Qh5 Ke7 19. Nxf7 Na5 20. Nd6 $44 {1/2-1/2 Sax,
G-Timman,J/Rotterdam WCup 1989}) (13... Nb4 {Finkel,A} 14. a3 (14. Bxh7+ $2
Kxh7 15. a3 Nc4 16. Qe1 Rfc8 $5 {Pineau,J-Zueger,B/Manila olm 1992 (25)}) 14...
a5 15. Rhf1 Rfc8 16. Qf2 Nxd3 17. cxd3 Na4 18. Nxa4 Bxa4 19. Qxc5 Rxc5 20. Rc1
$14 {Almasi,Z-Zueger,B/Horgen-B 1995/1-0 (80)}) (13... Nc4 {Finkel,A} 14. Bxc4
$14) (13... Rfc8 {Finkel,A} 14. Nb5 $16 {Sax-Kortchnoi,Rotterdam 1988-Inf.47/
(360)}) 14. Bxh7+ {'!?' Finkel,A.} (14. Qe2 a6 15. Nd4 Nac4 16. Bxc4 Nxc4 17.
Nb3 {'?!' Finkel,A.} Qc7 18. Rd3 a5 19. Qf2 b5 20. Qc5 Qd8 21. Rhd1 Rc8 22. Qf2
a4 23. Ne4 f5 24. exf6 dxe4 25. Rxd7 Qxf6 26. Nd4 Rfd8 27. Rxd8+ Rxd8 28. Qg1
e3 29. c3 Qxf4 30. Nc2 Nd2+ 31. Ka1 e2 32. Re1 Nf1 33. Nd4 Qd2 {0-1 Madl,
I-Matveeva,S/Belgrade-W 1994}) (14. b3 Rfc8 15. Ne2 Nac4 16. Qc3 Ne3 17. Qxc5
Rxc5 18. Rdg1 Ng4 19. Rf1 Ne3 20. Rfg1 Ng4 21. Rf1 {1/2-1/2 Madl,I-Matveeva,S/
Erevan olw 1996}) 14... Kxh7 15. Ng5+ Kg8 16. Qd3 Rfe8 $1 $146 {'?!' Finkel,A.
Finkel,A: Serious inaccuracy that could cost black a lot!Much better was} (
16... Rfc8 17. Qh7+ Kf8 18. Qh8+ (18. f5 $1 exf5 19. Qh8+ Ke7 20. Qxg7 Be6 21.
Nxe6 Kxe6 22. Qf6+ Kd7 23. Qxf7+ Kc6 24. Nxd5 $16 Kb5 25. c3 $5) 18... Ke7 19.
Qxg7 Kd8 20. Nxf7+ Kc7 21. Nd6 Nac4 22. Nxc4 Rg8 23. Qh7 Nxc4 24. Nxd5+ exd5
25. e6 Rad8 26. g3 Qb6 27. b3 Ne3 28. exd7 Nxd1 29. Rxd1 Qe6 30. Qd3 Rxd7 31.
Qc3+ Kb8 32. Re1 d4 33. Qd2 Qg6 34. Re5 d3 35. f5 dxc2+ 36. Qxc2 Qf6 37. Qe4
Rgd8 {0-1 Tong Yuanming-Ulibin,M/Beijing Lee Cup 1996}) 17. Qh7+ Kf8 18. Nce4 {
'?!' Finkel,A. Finkel,A: Indecision,which is not inherent for such an
agressive player as Igor Glek.After natural} (18. Qh8+ Ke7 19. Qh4 $5 (19. Qxg7
{Finkel,A} Kd8 (19... Rf8 $2 20. Nce4 $1 dxe4 21. Nxe4 Qb4 22. Qf6+ Ke8 23.
Nd6+ Qxd6 24. exd6 Nc6 25. h4 $18) 20. Nxf7+ Kc7 21. Nd6 Nac4 (21... Red8 22.
Qe7 $1 Kc6 23. Ne2 Re8 24. Nd4+ Qxd4 25. Nxe8 Qc5 26. Qxc5+ Kxc5 27. Nf6 $18)
22. Ncb5+ $1 (22. Nxe8+ Rxe8 23. Rd3 Qb4 24. Nd1 Na4 $132) 22... Kb8 23. Nxc4
Qxc4 24. Nd6 Qxf4 25. Rdf1 $16 {white would have the significent advantage.})
19... Rh8 $1 (19... Rg8 20. Nge4+ g5 21. fxg5 dxe4 22. g6+ Kf8 23. Qh6+ Ke7 24.
gxf7 Qxe5 25. fxg8=Q Rxg8 26. Qh7+ Qg7 27. Qh4+ Qg5 28. Qxe4 $16) (19... f6 $2
20. Nge4 Rh8 (20... dxe4 21. Nxe4 $18) 21. exf6+ Kf7 22. Qxh8 $18) (19... Qc6
20. Nh7+ (20. Nxe6+ $5 f6 (20... Kxe6 21. Ne2 $1 (21. f5+) 21... f6 22. Nd4+
Kf7 23. Nxc6 $16)) 20... f6 21. exf6+ Kd6 22. fxg7 Rg8 23. Nf6 Rxg7 24. Nfxd5
Nxd5 25. Qf6 $18) (19... Kf8 $2 20. Nh7+ Kg8 21. Nf6+ $1 Kf8 (21... gxf6 22.
exf6 $18) 22. Nce4 $1 Qb4 (22... dxe4 23. Rxd7 $1 $18) 23. Nh7+ Kg8 24. Nef6+
gxf6 25. Qh6 $18) 20. Nh7+ g5 $6 (20... f6 $2 21. exf6+ Kf7 22. Qh5+ g6 23.
Ng5+ Kxf6 24. Nce4+ $18) (20... Ke8 21. Nf6+ gxf6 22. Qxh8+ Qf8 23. Qxf6 (23.
Qxf8+ Kxf8 24. exf6 Bc6 25. Rhe1 Nd7 26. f5 Re8 $13) 23... Nac4 24. Rd3 Qb4 25.
b3 $14 (25. Nd1 $14)) 21. Qxg5+ Ke8 22. Qg7 Rxh7 23. Qxh7 Nac4 24. Qg8+ Qf8 25.
Qxf8+ Kxf8 26. Rd3 $16) 18... dxe4 19. Nxe4 Qc6 $1 (19... Qc7 {Finkel,A} 20.
Qh8+ Ke7 21. Qh4+ Kf8 (21... f6 $2 22. exf6+ Kf7 23. Qh5+ Kg8 24. Ng5 $18) 22.
Qh8+ $11) 20. Rd6 Qb5 21. Qh8+ Ke7 22. Qh4+ {'=' Finkel,A.} Kf8 (22... f6 $6
23. exf6+ Kd8 (23... Kf7 24. Rxb6 Qxb6 25. Qh5+ $18) 24. f7+ Kc7 25. fxe8=Q
Rxe8 26. b3 Nac4 27. Rd4 $14 e5 $5) 23. Qh8+ Ke7 24. Qh4+ Kf8 1/2-1/2